000 00545nam a2200193Ia 4500
999 _c6796
_d6796
001 5511
003 OSt
005 20190129160259.0
008 140319s9999 xx 000 0 und d
040 _cPK-LaUMT
082 _a 657.2
_bBIG-B
100 _aBigg, W. W.
245 _aBook-keeping and accounts
_cBigg, W. W.<>Wilson, H. A. R. J., Jt. Auth.; (Langton, A. E.),
260 _aLondon,UK:
_bH. F. L. Publishers,
_c1964
300 _a630 p.
546 _aEN
700 _aWilson, H. A. R. J., Jt. Auth.; (Langton, A. E.),
942 _cL&P
_2ddc